Gaming Quiz

Random Gaming or Pokémon Quiz

Water type moves Quiz Stats

 Plays Quiz not verified by Sporcle

Support Sporcle.
Go Orange.
Score 0/26 Timer 08:00
0 Plays Today
Move % Correct
Water Gun
95.7%
Hydro Pump
93.5%
Bubble
89.1%
Bubble Beam
87%
Surf
84.8%
Aqua Jet
76.1%
Water Pulse
76.1%
Aqua Ring
71.7%
Aqua Tail
71.7%
Hydro Cannon
71.7%
Waterfall
71.7%
Water Spout
60.9%
Whirlpool
60.9%
Move % Correct
Rain Dance
58.7%
Water Sport
56.5%
Withdraw
54.3%
Dive
52.2%
Muddy Water
52.2%
Brine
47.8%
Scald
47.8%
Crabhammer
41.3%
Razor Shell
39.1%
Water Pledge
32.6%
Clamp
28.3%
Soak
28.3%
Octazooka
19.6%

You're not logged in!

Compare scores with friends on all Sporcle quizzes.
OR
Log In

From the Vault

Choose the Only Four (Music)

by AmazingPenguin

It wouldn't be a music foursomes quiz without the Fab Four in there somewhere.
Remove Ads.
Support Sporcle.
Get the best of Sporcle when you Go Orange. This ad-free experience offers more features, more stats, and more fun while also helping to support Sporcle. Thank you for becoming a member.

Show Comments

Extras

Top Quizzes Today


Score Distribution

Your Account Isn't Verified!

In order to create a playlist on Sporcle, you need to verify the email address you used during registration. Go to your Sporcle Settings to finish the process.

Report this User

Report this user for behavior that violates our Community Guidelines.

Details: